MARKETING ZEMIAKOV A ZEMIAKOVÝCH VÝROBKOV NA SLOVENSKU A V USA

Bibliographic Details
Main Authors: Nagyová, Ľudmila, 1953- (Author), Horská, Elena, 1969- (Author)
Format: Article
Language:Slovak

MARC

LEADER 00000nab a2200000uu 4500
001 vtls011461466
003 SK-MaSNL
005 20260303154611.0
008 230222|1998 xo |||||||||||||||||slo|
015 |a SNBRB 
035 |a (urnnbn)urn:nbn:sk:snk:ar-a0ahs3 
035 |a (uuid)f1437dcd-920a-4784-9ddc-33320b97a7b1 
035 |a urn:nbn:sk:snk-abcv4x 
040 |a SNKBUCL  |b slo  |c SNKBUCL  |e AACR2 
041 0 |a slo 
044 |a xo  |c SK 
100 1 |a Nagyová, Ľudmila,  |d 1953-  |4 aut  |9 196383 
245 1 0 |a MARKETING ZEMIAKOV A ZEMIAKOVÝCH VÝROBKOV NA SLOVENSKU A V USA  |c Ľudmila Nagyová, Elena Horská 
246 3 |a MARKETING OF POTATOES AND POTATOES PRODUCTS IN SLOVAKIA AND IN THE UNITED STATES OF AMERICA 
700 1 |a Horská, Elena,  |d 1969-  |4 aut  |9 185668 
773 0 |t Acta oeconomica et informatica : vedecký časopis pre ekonomiku a informatiku v poľnohospodárstve  |g Roč. 1, č. 2 (1998), s. 48-55 
954 |a odborná, vedecká literatúra pôvodná (slovenská)  |2 lita 
958 |a OND 
958 |a EUIPO 
958 |a article16 
999 |c 2035331  |d 2037261